| 000 | 003960000a22001210004500 | ||
|---|---|---|---|
| 090 |
_aAS _bSeriadas |
||
| 245 | 1 | 0 | _aNotes on the toxicity of Sphenoclea zeylanica |
| 041 | 0 | _aInglés | |
| 700 | 1 |
_aHigurashi, Akifumi _999176 |
|
| 100 | 1 |
_aRaffauf, Robert F. _915234 |
|
| 942 | _cARTICULO | ||
| 773 | 1 |
_tRevista de la Academia Colombiana de Ciencias Exactas, Fisicas y Naturales _332 _h63 _q99-105 _d1988 _g16 |
|
| 999 |
_c14273 _d14273 |
||